| 000 | 00860nam a22002535i 4500 | ||
|---|---|---|---|
| 001 | 178516 | ||
| 003 | ES-MaACL | ||
| 005 | 20230906220541.0 | ||
| 008 | 110606s2000 fr |||| | fre d | ||
| 020 | _a2-7384-9865-5 | ||
| 080 | _a821.134.2 Valle-Inclán, Ramón del | ||
| 100 | 1 |
_aLe Scoëzec Masson, Annick. _9146943 |
|
| 245 | 1 | 0 |
_aRamón del Valle-Inclán et la sensibilité "fin de siècle" / _cAnnick Le Scoezec Masson. |
| 260 |
_aParis : _bL'Harmattan, _cD. L. 2000. |
||
| 300 |
_a384 p. ; _c22 cm. |
||
| 490 | 1 | _aCritiques littéraires | |
| 500 | _aÍndice. | ||
| 504 | _aBibliografía: p. 361-372. | ||
| 546 | _aTexto en francés. | ||
| 600 | 1 | 4 |
_aValle-Inclán, Ramón del, _d1866-1936- _xCrítica e interpretación _9112800 |
| 830 | 0 |
_aCritiques littéraires _9224310 |
|
| 852 |
_aES-MaACL _jE-15269 |
||
| 999 |
_c178516 _d178516 |
||